000 00585nam a2200193Ia 4500
001 23557
003 GE_BSU
008 181216s||||||||xx |||||||||||||| ||und||
040 _cGE_BSU
245 _aВопросы экономики №8, август 2018
245 _cРед,кол: О.И.Ананьин, Р.С.Гриберг, и др.
260 _aмосква
260 _c2018г.
300 _a160ст;26см;
653 _aВопросы экономики №8, август 2018
653 _aПериодика
653 _aპერიოდიკა
942 _cCR
999 _c56444
_d56444